Open Data Biblioteca Nacional de Portugal


República Portuguesa: Ministério da Cultura
Biblioteca Nacional de Portugal

Catálogo da BNP: acesso por Identificadores Unívocos
Registos Bibliográficos associados ao registo de autoridade

Etiqueta de registo: 00254nam 2200025 450
001 2289239
003 http://id.bnportugal.gov.pt/bib/catbnp/2289239
100 ## $a20260630d2026 k y0pory01030103ba
101 0# $apor$deng
102 ## $aPT
105 ## $aa m 000yy
106 ## $ar
200 1# $a As editoras universitárias$epublicação académica e certificação$fCélia Regina de Oliveira Rosa$gorient. Maria Beatriz Pinto de Sá Moscoso Marques, Alexandre Libório Dias Pereira
210 #9 $aCoimbra$c[s.n.],$d2026
215 ## $aXIX, 299 p.$cil.$d30 cm
328 #1 $aTese doutoramento Ciências da Informação, Universidade de Coimbra, Faculdade de Letras, Departamento de Filosofia, Comunicação e Informação, 2026
700 #1 $aRosa,$bCélia Regina de Oliveira$32002193
702 #1 $aMarques,$bMaria Beatriz Pinto de Sá Moscoso$4727$31508591
702 #1 $aPereira,$bAlexandre Dias,$f1970-$4727$3872513
801 #0 $aPT$bBN$gRPC
966 ## $lBN$mFGMON$x1
971 ## $cjbeatriz$d20260630

OpendataBNP@bnportugal.pt | Mais informação sobre acesso aos dados BNP